| Tag |
First Indicator |
Second Indicator |
Subfields |
| LEADER |
00000cas a2200000 a 4500 |
| 001 |
in00000045190 |
| 005 |
20151007071129.0 |
| 008 |
740501c19719999nyufr1p 0 a0eng |
| 010 |
|
|
|a 72620739
|
| 019 |
|
|
|a 01752676
|
| 022 |
0 |
|
|a 0099-4480
|
| 030 |
|
|
|a JIESBS
|
| 032 |
|
|
|a 941500
|b USPS
|
| 035 |
|
|
|a (OCoLC)00875785
|
| 035 |
|
|
|9 AAE5375AM
|
| 037 |
|
|
|b Illuminating Engineering Society of North America, 345 E. 47th St., New York, NY 10017
|
| 040 |
|
|
|a DLC
|c OUN
|d NSD
|d DLC
|d NSD
|d OCL
|d DLC
|d NSD
|d DLC
|d NSD
|d SER
|d AIP
|d OCL
|d NST
|d OCL
|d AIP
|d OCL
|d NSD
|d NST
|d IUL
|d DLC
|d NST
|d OCL
|d UtOrBLW
|
| 042 |
|
|
|a nsdp
|a lc
|
| 049 |
|
|
|a TXAE
|
| 050 |
0 |
0 |
|a TH7700
|b .I35
|
| 082 |
0 |
0 |
|a 621.32/05
|
| 090 |
|
|
|a TP700
|b .I332
|
| 210 |
0 |
|
|a J. Illum. Eng. Soc.
|
| 222 |
|
0 |
|a Journal of the Illuminating Engineering Society
|
| 245 |
0 |
0 |
|a Journal of the Illuminating Engineering Society.
|
| 246 |
1 |
7 |
|a Journal of IES
|f Oct. 1971-<Jan. 1983>
|
| 264 |
|
1 |
|a New York, N.Y. :
|b The Society,
|c [1971-]
|
| 264 |
|
4 |
|c ©1971-
|
| 300 |
|
|
|a volumes :
|b illustrations ;
|c 29 cm.
|
| 310 |
|
|
|a Semiannual,
|b Oct. 1984-
|
| 321 |
|
|
|a Quarterly,
|b Oct. 1971-July 1984
|
| 336 |
|
|
|a text
|b txt
|2 rdacontent
|
| 337 |
|
|
|a unmediated
|b n
|2 rdamedia
|
| 338 |
|
|
|a volume
|b nc
|2 rdacarrier
|
| 362 |
0 |
|
|a Vol. 1, no. 1 (Oct. 1971)-
|
| 500 |
|
|
|a At head of title <Jan. 1983->: IES.
|
| 500 |
|
|
|a Title from cover.
|
| 510 |
1 |
|
|a Applied science & technology index
|x 0003-6986
|
| 510 |
2 |
|
|a Art and archaeology technical abstracts
|x 0004-2994
|
| 510 |
2 |
|
|a Chemical abstracts
|x 0009-2258
|
| 510 |
2 |
|
|a CIS abstracts
|x 0302-7651
|
| 510 |
2 |
|
|a Computer & control abstracts
|x 0036-8113
|b Oct. 1971-
|
| 510 |
2 |
|
|a Electrical & electronics abstracts
|x 0036-8105
|b Oct. 1971-
|
| 510 |
2 |
|
|a Energy research abstracts
|x 0160-3604
|b 1976-
|
| 510 |
2 |
|
|a Engineering index annual (1968)
|x 0360-8557
|
| 510 |
2 |
|
|a Engineering index bioengineering abstracts
|x 0736-6213
|
| 510 |
2 |
|
|a Engineering index energy abstracts
|x 0093-8408
|
| 510 |
2 |
|
|a Engineering index monthly (1984)
|x 0742-1974
|
| 510 |
2 |
|
|a Physics abstracts. Science abstracts. Series A
|x 0036-8091
|b Oct. 1971-
|
| 510 |
0 |
|
|a Engineering index monthly
|x 0013-7960
|
| 530 |
|
|
|a Also available on microfilm from University Microfilms.
|
| 550 |
|
|
|a Vols. for 1971-Apr. 1975 published by the Illuminating Engineering Society; for June 1975-<winter 1989> by the Illuminating Engineering Society of North America.
|
| 650 |
|
0 |
|a Lighting
|v Periodicals.
|
| 710 |
2 |
|
|a Illuminating Engineering Society.
|
| 710 |
2 |
|
|a Illuminating Engineering Society of North America.
|
| 780 |
0 |
1 |
|t Illuminating engineering
|x 0019-2333
|w (DLC) 45045741
|w (OCoLC)1714092
|
| 949 |
|
|
|a updated
|b h
|c 2011/5/23
|e vilik
|f 10:38:04 am
|
| 999 |
|
|
|a MARS
|
| 999 |
f |
f |
|s be51ee31-d811-31af-9f7c-fb81a0826f48
|i b6fa06b3-9937-313f-b5a0-563416b4b850
|t 0
|
| 952 |
f |
f |
|p ric
|a Texas A&M University
|b Rellis Campus
|c Joint Library Facility
|d Remote Storage
|t 0
|e TP700 .I332
|h Library of Congress classification
|i unmediated -- volume
|k v.8 -v.9
|l 1978/1979-1979/1980
|m A14813873891
|
| 952 |
f |
f |
|p ric
|a Texas A&M University
|b Rellis Campus
|c Joint Library Facility
|d Remote Storage
|t 0
|e TP700 .I332
|h Library of Congress classification
|i unmediated -- volume
|k v.3
|l 1973-1974
|m A14825820838
|
| 952 |
f |
f |
|p ric
|a Texas A&M University
|b Rellis Campus
|c Joint Library Facility
|d Remote Storage
|t 0
|e TP700 .I332
|h Library of Congress classification
|i unmediated -- volume
|k v.4
|l 1974/1975
|m A14813873841
|
| 952 |
f |
f |
|p ric
|a Texas A&M University
|b Rellis Campus
|c Joint Library Facility
|d Remote Storage
|t 0
|e TP700 .I332
|h Library of Congress classification
|i unmediated -- volume
|k v.26
|l 1997
|m A14823887290
|
| 952 |
f |
f |
|p ric
|a Texas A&M University
|b Rellis Campus
|c Joint Library Facility
|d Remote Storage
|t 0
|e TP700 .I332
|h Library of Congress classification
|i unmediated -- volume
|k v.31
|l 2002
|m A14830658995
|
| 952 |
f |
f |
|p ric
|a Texas A&M University
|b Rellis Campus
|c Joint Library Facility
|d Remote Storage
|t 0
|e TP700 .I332
|h Library of Congress classification
|i unmediated -- volume
|k v.30
|l 2001
|m A14829306226
|
| 952 |
f |
f |
|p ric
|a Texas A&M University
|b Rellis Campus
|c Joint Library Facility
|d Remote Storage
|t 0
|e TP700 .I332
|h Library of Congress classification
|i unmediated -- volume
|k v.5
|l 1975-1976
|m A14825713269
|
| 952 |
f |
f |
|p ric
|a Texas A&M University
|b Rellis Campus
|c Joint Library Facility
|d Remote Storage
|t 0
|e TP700 .I332
|h Library of Congress classification
|i unmediated -- volume
|k v.29
|l 2000
|m A14827360575
|
| 952 |
f |
f |
|p ric
|a Texas A&M University
|b Rellis Campus
|c Joint Library Facility
|d Remote Storage
|t 0
|e TP700 .I332
|h Library of Congress classification
|i unmediated -- volume
|k v.6
|l 1976-1977
|m A14825820799
|
| 952 |
f |
f |
|p ric
|a Texas A&M University
|b Rellis Campus
|c Joint Library Facility
|d Remote Storage
|t 0
|e TP700 .I332
|h Library of Congress classification
|i unmediated -- volume
|k v.12 -v.13
|l 1982-1984
|m A14813062115
|
| 952 |
f |
f |
|p ric
|a Texas A&M University
|b Rellis Campus
|c Joint Library Facility
|d Remote Storage
|t 0
|e TP700 .I332
|h Library of Congress classification
|i unmediated -- volume
|k v.2
|l 1972-1973
|m A14825820870
|
| 952 |
f |
f |
|p ric
|a Texas A&M University
|b Rellis Campus
|c Joint Library Facility
|d Remote Storage
|t 0
|e TP700 .I332
|h Library of Congress classification
|i unmediated -- volume
|k v.33:no.1
|l 2004:Winter
|m A14832896921
|
| 952 |
f |
f |
|p ric
|a Texas A&M University
|b Rellis Campus
|c Joint Library Facility
|d Remote Storage
|t 0
|e TP700 .I332
|h Library of Congress classification
|i unmediated -- volume
|k v.10 -v.11
|l 1980-1982
|m A14813062165
|
| 952 |
f |
f |
|p ric
|a Texas A&M University
|b Rellis Campus
|c Joint Library Facility
|d Remote Storage
|t 0
|e TP700 .I332
|h Library of Congress classification
|i unmediated -- volume
|k v.32
|l 2003
|m A14832896882
|
| 952 |
f |
f |
|p ric
|a Texas A&M University
|b Rellis Campus
|c Joint Library Facility
|d Remote Storage
|t 0
|e TP700 .I332
|h Library of Congress classification
|i unmediated -- volume
|k v.25
|l 1996
|m A14821431938
|
| 952 |
f |
f |
|p ric
|a Texas A&M University
|b Rellis Campus
|c Joint Library Facility
|d Remote Storage
|t 0
|e TP700 .I332
|h Library of Congress classification
|i unmediated -- volume
|k v.1
|l 1971-1972
|m A14825713285
|
| 952 |
f |
f |
|p ric
|a Texas A&M University
|b Rellis Campus
|c Joint Library Facility
|d Remote Storage
|t 0
|e TP700 .I332
|h Library of Congress classification
|i unmediated -- volume
|k v.28
|l 1999
|m A14827360185
|
| 952 |
f |
f |
|p ric
|a Texas A&M University
|b Rellis Campus
|c Joint Library Facility
|d Remote Storage
|t 0
|e TP700 .I332
|h Library of Congress classification
|i unmediated -- volume
|k v.7
|l 1977-1978
|m A14825713324
|
| 952 |
f |
f |
|p ric
|a Texas A&M University
|b Rellis Campus
|c Joint Library Facility
|d Remote Storage
|t 0
|e TP700 .I332
|h Library of Congress classification
|i unmediated -- volume
|k v.16
|l 1987
|m A14811431253
|
| 952 |
f |
f |
|p ric
|a Texas A&M University
|b Rellis Campus
|c Joint Library Facility
|d Remote Storage
|t 0
|e TP700 .I332
|h Library of Congress classification
|i unmediated -- volume
|k v.27
|l 1998
|m A14826161693
|
| 952 |
f |
f |
|p ric
|a Texas A&M University
|b Rellis Campus
|c Joint Library Facility
|d Remote Storage
|t 0
|e TP700 .I332
|h Library of Congress classification
|i unmediated -- volume
|k v.14 -v.15
|l 1984-1986
|m A14813062068
|
| 998 |
f |
f |
|a TP700 .I332
|s v.33:no.1 (2004:Winter)
|t 0
|l Remote Storage
|